Ricostruisci la Carriera del Calciatore - Christian Fuchs - Statistics

Statistiche generali
  • Questo quiz è stato fatto 4 volte
  • Il punteggio medio è 4 su 8
Statistiche sulle risposte
Hint Risposta % Corretto
2021-2022 Charlotte Independence
100%
2008-2010 Bochum
50%
2022-2023 Charlotte FC
50%
2015-2021 Leicester City
50%
2010-2011 Magonza
50%
2003-2008 Mattersburg
50%
2011-2015 Schalke 04
0%
2002-2003 Wr. Neustädter
0%
Nessun quiz corrispondente trovato
Distribuzione punteggi
Percentuale di utenti per punteggio
Percentile per numero di risposta
I tuoi punteggi nel tempo
Non hai fatto questo quiz